000 00568nam a2200205Ia 4500
003 OSt
005 20230426095419.0
008 210423s2008 xx 000 0 und d
020 _a9780070700727
040 _cAL
041 _aeng
082 _a658
_223
_bWEIH
100 _aWEIHRICH (Heinz);others.
_976071
245 _aManagement: a global and entrepreneurial perspective.
260 _aNew Delhi
_bTata McGrawhill
_c2008
300 _axxxvii,527
365 _b395
_cINR
906 _aentrepreneurial ; global ; Management: ; perspective.
942 _2ddc
_cBK
999 _c155594
_d155594